| 000 | 00913nam a2200265 i 4500 | ||
|---|---|---|---|
| 001 | bg | ||
| 100 | 1 | _aGAJEWSKA, Zofia | |
| 245 | 1 | 0 |
_aZapis konstrukcji : _brysunek maszynowy / _cZofia Gajewska, Krystyna Schabowska, Aleksander Nieoczym ; pod red. Krzysztofa Wituszyńskiego; Politechnika Lubelska. |
| 260 |
_aLublin : _bWydawnictwa Uczelniane PL, _c1994. |
||
| 300 |
_a108 s., [1]k.tabl.złoż. : _brys. ; _c24 cm. |
||
| 504 | _aBibliogr. i wykaz norm s. 106-108. | ||
| 650 | 9 |
_aMaszyny _xbudowa i konstrukcje _xrysunek techniczny |
|
| 650 | 9 | _aRysunek techniczny | |
| 655 | _aPodręczniki akademickie | ||
| 700 | 1 | _aSCHABOWSKA, Krystyna | |
| 700 | 1 | _aNIEOCZYM, Aleksander | |
| 700 | 1 |
_aWITUSZYŃSKI, Krzysztof. _eRed. |
|
| 020 | _a8386333316 | ||
| 040 | _cBPK | ||
| 041 | 0 | _apl | |
| 080 | _a621:744](075.8) | ||
| 920 | _a83-86333-31-6 | ||
| 942 | _cKS | ||
| 008 | s pl f |000 0 pol | ||
| 999 |
_c24516 _d24516 |
||
| 856 |
_uhttp://koha.tu.koszalin.pl/cgi-bin/koha/opac-detail.pl?biblionumber=24516 _yKatalog online BPK |
||